كتاب فضل الكلاب على كثير ممن لبس الثياب

محفوظ في:

المؤلف الرئيسي: Bin Al-Marzban Al-Mawhali, Abu Bakr Muhammad Bin Khalaf.

التنسيق: كتاب

اللغة: Undetermined

منشور في: Al-Qāhirah : matbaeat mahmud tawfiq, 1923.

الموضوعات:

الوسوم: إضافة وسم

لا توجد وسوم, كن أول من يضع وسما على هذه التسجيلة!

رقم الطلب: (P)PJ7745 .I155 K5

LEADER 00709nam a2200181Ia 4500
008 240329s9999||||xx |||||||||||||| ||und||
050 4 |a (P)PJ7745 .I155 K5 
100 1 |a Bin Al-Marzban Al-Mawhali, Abu Bakr Muhammad Bin Khalaf. 
245 1 0 |a كتاب فضل الكلاب على كثير ممن لبس الثياب  |c Bin Al-Marzban Al-Mawhali, Abu Bakr Muhammad Bin Khalaf 
264 1 |a Al-Qāhirah :  |b matbaeat mahmud tawfiq,  |c 1923. 
300 |a 32  |c 24 
500 |a نسخة مصورة 
650 |a الأخلاق 
650 |a الحيوان في الأدب العربي 
650 |a العلاقات الإنسانية 
650 |a الكلاب العادات و السلوك 
942 |2 lcc  |c BK 
999 |c 57801  |d 57801